Don't just stand there-jiggle! : seven puppet plays /

Bibliographic Details
Main Author: Wylie, Betty Jane, 1931-
Format: Book
Language:English
Published: Windsor, Ont. : Black Moss Press ; [1980]
Subjects:

MARC

Tag First Indicator Second Indicator Subfields
LEADER 00000cam a2200000 a 4500
001 in00000077885
005 20151008055046.0
008 801122s1980 onca 00010 engm
010 |a  80509733  
015 |a C*** 
020 |a 0887530656 :  |c $9.95 
035 |a (OCoLC)07175616 
035 |9 AAJ2435AM 
040 |a DLC  |c DLC  |d TXA  |d UtOrBLW 
049 |a TXAM  |c [1654420] 
050 0 0 |a PN1980  |b .W9 
082 0 |a 812/.54  |2 19 
090 |a PN1980  |b .W9 1980a 
100 1 |a Wylie, Betty Jane,  |d 1931- 
245 1 0 |a Don't just stand there-jiggle! :  |b seven puppet plays /  |c by Betty Jane Wylie. 
264 1 |a Windsor, Ont. :  |b Black Moss Press ;  |c [1980] 
264 2 |a Thornhill, Ont. :  |b Distributed in the U.S. and Canada by Firefly Books, 
264 4 |c ©1980 
300 |a 223 pages :  |b illustrations ;  |c 23 cm. 
336 |a text  |b txt  |2 rdacontent 
337 |a unmediated  |b n  |2 rdamedia 
338 |a volume  |b nc  |2 rdacarrier 
650 0 |a Puppet plays. 
999 |a MARS 
999 f f |s 00245991-fbb0-3358-a8b9-14fcedea7d11  |i 79f36d2d-5a6f-3ff5-a287-d2ab7e43c7e0  |t 0 
952 f f |p ric  |a Texas A&M University  |b Rellis Campus  |c Joint Library Facility  |d Remote Storage  |t 0  |e PN1980 .W9 1980a  |h Library of Congress classification  |i unmediated -- volume  |m A14806177624 
998 f f |a PN1980 .W9 1980a  |t 0  |l Remote Storage